MARC

LEADER 00000nam0a2200000 4500
001 374924
005 20231102012705.0
020 |a RU  |b 80-47968 
035 |a (RuTPU)RU\TPU\retro\32359 
035 |a RU\TPU\book\226475 
090 |a 374924 
100 |a 20221219d1980 km y0rusy5003 ca 
101 0 |a rus 
102 |a RU 
105 |a a z 000zy 
200 1 |a Топливная аппаратура с гидроприводом плунжера  |f В. И. Крутов, В. Е. Горбаневский, В. Г. Кислов 
210 |a Москва  |c Машиностроение  |d 1980 
215 |a 168 с.  |c ил. 
320 |a Библиогр.: с. 163-165. 
606 1 |a Двигатели дизеля  |x Рабочий процесс  |2 stltpush  |3 (RuTPU)RU\TPU\subj\4976  |9 33154 
610 1 |a топливная аппаратура 
610 1 |a гидроприводы 
610 1 |a топливо 
610 1 |a подача 
610 1 |a дизели 
610 1 |a экспериментальные исследования 
675 |a 621.436.03  |v 3  |z rus 
700 1 |a Крутов  |b В. И.  |g Виталий Иванович 
701 1 |a Горбаневский  |b В. Е.  |g Виктор Евгеньевич 
701 1 |a Кислов  |b В. Г.  |g Владимир Григорьевич 
801 0 |a RU  |b RuMRKP  |c 19950704  |g psbo 
801 1 |a RU  |b 63413507  |c 20120125 
801 2 |a RU  |b 63413507  |c 20221219  |g RCR 
942 |c BK